LEADER 02721nam 2200685 450 001 9910814874403321 005 20230207232316.0 010 $a3-11-085478-3 024 7 $a10.1515/9783110854787 035 $a(CKB)2550000001152490 035 $a(EBL)3044903 035 $a(OCoLC)922948042 035 $a(SSID)ssj0001045182 035 $a(PQKBManifestationID)11656621 035 $a(PQKBTitleCode)TC0001045182 035 $a(PQKBWorkID)11110299 035 $a(PQKB)10390995 035 $a(MiAaPQ)EBC3044903 035 $a(DE-B1597)55262 035 $a(OCoLC)1013506633 035 $a(OCoLC)979762086 035 $a(DE-B1597)9783110854787 035 $a(Au-PeEL)EBL3044903 035 $a(CaPaEBR)ebr10802172 035 $a(EXLCZ)992550000001152490 100 $a19911023d1991 uy| 0 101 0 $aeng 135 $aur|n|---||||| 181 $ctxt 182 $cc 183 $acr 200 10$aPower in family discourse /$fby Richard J. Watts 205 $aReprint 2013 210 1$aBerlin ;$aNew York :$cMouton de Gruyter,$d1991. 215 $a1 online resource (313 p.) 225 0 $aContributions to the Sociology of Language [CSL] ;$v63 225 0$aContributions to the sociology of language ;$v63 300 $aDescription based upon print version of record. 311 $a3-11-178180-1 311 $a3-11-013228-1 320 $aIncludes bibliographical references (pages [273]-288) and index. 327 $tFrontmatter -- $tPreface -- $tContents -- $tChapter One. Introduction -- $tChapter Two. Towards a dynamic model of discourse -- $tChapter Three. Defining power -- $tChapter Four. Intervention as interruption in social science research -- $tChapter Five. Types of verbal intervention in family discourse -- $tChapter Six. Latent and emergent networks -- $tChapter Seven. Status in the emergent network -- $tChapter Eight. Interventions and the negotiation of status and power -- $tChapter Nine. Intervention research in and beyond family discourse -- $tNotes -- $tReferences -- $tAuthor and subject index -- $t Backmatter 410 0$aContributions to the Sociology of Language [CSL] 606 $aCommunication in families 606 $aInterpersonal communication 606 $aSociolinguistics 606 $aPower (Social sciences) 615 0$aCommunication in families. 615 0$aInterpersonal communication. 615 0$aSociolinguistics. 615 0$aPower (Social sciences) 676 $a306.87 700 $aWatts$b Richard J$022782 801 0$bMiAaPQ 801 1$bMiAaPQ 801 2$bMiAaPQ 906 $aBOOK 912 $a9910814874403321 996 $aPower in family discourse$93980767 997 $aUNINA